|
|
|
|
| LEADER |
01084nam a2200337 a 4500 |
| 001 |
000428468 |
| 003 |
CZ BrMZK |
| 005 |
20230522103642.0 |
| 008 |
990315s1998 xr e f cze d |
| 015 |
|
|
|a cnb000738475
|
| 020 |
|
|
|a 80-7204-093-6
|
| 035 |
|
|
|a (OCoLC)43808211
|
| 040 |
|
|
|a BOA001
|b cze
|
| 045 |
|
|
|a x-x-
|
| 072 |
|
7 |
|a 82-93
|x Literatura pro děti a mládež (o ní)
|2 Konspekt
|9 11
|
| 080 |
|
|
|a 821(100)(091)
|2 MRF
|
| 080 |
|
|
|a 82-93
|2 MRF
|
| 080 |
|
|
|a (035)
|2 MRF
|
| 100 |
1 |
|
|a Šubrtová, Milena,
|d 1965-
|7 mzk2005282542
|4 aut
|
| 245 |
1 |
0 |
|a Kapitoly ze světové literatury pro mládež.
|n 2 /
|c Milena Šubrtová.
|
| 260 |
|
|
|a Brno :
|b CERM,
|c 1998
|
| 300 |
|
|
|a 16 s. ;
|c 25 cm
|
| 490 |
1 |
|
|a ITEM. Literatura ;
|v LZ 49
|
| 500 |
|
|
|a Bibliogr.
|
| 648 |
|
7 |
|a 20. století
|7 ch460558
|2 czenas
|
| 650 |
0 |
7 |
|a dějiny světové literatury
|7 ph499813
|y 20. století
|2 czenas
|
| 650 |
0 |
7 |
|a literatura pro děti a mládež
|7 ph138316
|y 20. století
|2 czenas
|
| 655 |
|
7 |
|a příručky
|7 fd133209
|2 czenas
|
| 830 |
|
0 |
|a ITEM.
|p Literatura
|
| 910 |
|
|
|a BOA001
|b X2-1045.954,2
|
| 990 |
|
|
|a BK
|